Która azjatycka wyspa? - Statystyki

Ogólne statystyki
  • Ten quiz został rozwiązany 1 382 razy
  • Średni wynik to 10 z 20
Statystyki odpowiedzi
Wskazówka Wyspa % Poprawnych
Państwo wyspiarskie na Morzu Śródziemnym, które niektórzy uważają za część Europy Cypr
99%
Najludniejsza wyspa świata. Jej nazwa to slangowe określenie „kawa”. Jawa
78%
Siedziba najcenniejszej na świecie firmy produkującej półprzewodniki Tajwan
75%
Jedyna wyspa na świecie na której są trzy państwa Borneo
72%
Miejsce Letnich Igrzysk Olimpijskich 2020 Honsiu
68%
Najbardziej wysunięta na północ z czterech głównych japońskich wysp Hokkaido
66%
Państwo wyspiarskie, którego językami urzędowymi są angielski, mandaryński, malajski i tamilski Singapur
66%
Przed XV wiekiem można było dotrzeć na tę wyspę z Indii pieszo Cejlon
56%
Trzęsienie ziemi u wybrzeży tej wyspy spowodowało tsunami w drugi dzień świąt Bożego Narodzenia w 2004 roku Sumatra
56%
Największy na świecie gatunek jaszczurki wziął swoją nazwę od tej wyspy Komodo
49%
Miejsce drugiego w historii użycia broni jądrowej w wojnie Kiusiu
48%
Największa wyspa Rosji, dawniej należąca do Japonii Sachalin
41%
„Las Vegas Azji” Makau
39%
Atrakcje obejmują Victoria Harbor i Wzgórze Wiktorii Hong Kong
38%
Można do tej wyspy niego dotrzeć przez Groblę Króla Fahda Bahrajn
35%
W okresie od kwietnia do czerwca 1945 roku zginęło tu do 200 000 Japończyków i Amerykanów Okinawa
34%
Obecny dom Rodriga Duterte Luzon
26%
Indonezyjska wyspa, której nazwa po portugalsku to „kwiaty” Flores
19%
Dwie trzecie tej indonezyjskiej wyspy zostało zniszczone w 1883 roku Krakatau
16%
Dom ostatniego znanego na świecie mamuta włochatego Wrangla
9%
Nie znaleziono quizów pasujących do podanych kryteriów
Rozkład punktacji
Procent ludzi z każdym wynikiem
Percentyl według liczby udzielonych odpowiedzi
Twoja historia wyników
Nie rozwiązałeś tego quizu